History Quiz

Random History or Grab Bag Quiz

US History Grab Bag Quiz Stats

Quiz Updated Aug 16, 2012

Challenge
Share
Tweet
Embed
Score 0/43 Timer 06:00
8 Plays Today
% Correct
Abraham Lincoln
95.9%
John F. Kennedy
95.1%
Hawaii
94.6%
Alaska
94.3%
New York, New York
88.3%
Virginia
87%
1941
85.3%
South Carolina
83.4%
1917
82%
North Carolina
81.2%
Georgia
80%
New Mexico
76.7%
Boston, Massachusetts
75.7%
Arizona
74.6%
Philadelphia, Pennsylvania
71.6%
Kentucky
71.2%
Maryland
67.1%
Secretary of State
66.8%
William McKinley
65.7%
West Virginia
64.6%
Secretary of War
63.8%
James Garfield
62.7%
% Correct
John Adams
61%
War of 1812
60.4%
Secretary of the Treasury
59.9%
Spanish-American War
57.9%
Missouri
55%
George H.W. Bush
54.7%
Andrew Johnson
50.4%
Oklahoma
48%
Richard Nixon
46.9%
Mexican-American War
44.3%
Delaware
43.6%
Baltimore, Maryland
39.2%
John Roberts
39.2%
John Tyler
30.9%
Chester Arthur
24.7%
William Rehnquist
23.1%
Calvin Coolidge
21.8%
Millard Fillmore
20%
Attorney General
18.8%
New Orleans, Louisiana
16.3%
John Rutledge
2.6%

You're not logged in!

Compare scores with friends on all Sporcle quizzes.
Sign Up with Email
OR
Log In

You Might Also Like...

Show Comments

Extras

Top Quizzes Today


Score Distribution

Your Account Isn't Verified!

In order to create a playlist on Sporcle, you need to verify the email address you used during registration. Go to your Sporcle Settings to finish the process.